Catálogo
 En Linea
Vista normal Vista MARC

Entrada Nombre personal

Número de registros utilizados en: 1

001 - NÚMERO DE CONTROL

  • campo de control: 79359

003 - IDENTIFICADOR DEL NÚMERO DE CONTROL

  • campo de control: DO-SdBNP

005 - FECHA Y HORA DE LA ÚLTIMA TRANSACCIÓN

  • campo de control: 20210722152956.0

008 - DATOS DE LONGITUD FIJA

  • campo de control de longitud fija: 210722|| aca||aabn | a|a d

040 ## - FUENTE DE LA CATALOGACIÓN

  • Centro catalogador/agencia de origen: DO-SdBNP
  • Centro/agencia transcriptor: DO-SdBNP

100 ## - ENCABEZAMIENTO-NOMBRE DE PERSONA

  • Nombre de persona: Billini, Francisco Gregorio,
  • Fechas asociadas al nombre: 1844-1898
  • Forma completa/desarrollada del nombre: Billini Aristi, Francisco Gregorio

670 ## - FUENTE DE DATOS ENCONTRADOS

  • Cita de la fuente: Work cat.: (DO-SdBNP): Billini, Francisco Gregorio, 1844-1898 Billini Aristi, Francisco Gregorio, Baní o engracia y antoñita : novela : , 2020.

Con tecnología Koha